00761cam a2200193 4500001000500000005001700005008003900022010001600061020003600077245012900113260003000242300002600272504006400298650002500362650001600387700001800403999001500421952013100436221120181127164742.0981123s1999 nyu b 001 0 eng a 98054153 a0471294543 (cloth : alk. paper)04aThe book of investing wisdom :bclassic writings by great stock-pickers and legends of Wall Street /cedited by Peter Krass. aNew York :bWiley,c1999. axiv, 498 p. ;c24 cm. aIncludes bibliographical references (p. 487-490) and index. 0aInvestment analysis. 0aSecurities.1 aKrass, Peter. c1750d1750 00102ddc40708MAINaRTCLIBbRTCLIBcMAINh i534l1o332.6 KRAp30001714r2019-06-25 00:00:00s2019-06-09w2018-11-27yMAIN